Welcome to the Holygrace Academy Library

Please use search bar below to get started

PHYSICS -XI (Record no. 8558)

MARC details
000 -LEADER
fixed length control field 00340nam a22001577a 4500
020 ## - INTERNATIONAL STANDARD BOOK NUMBER
ISBN 023-033-236-6
082 ## - DEWEY DECIMAL CLASSIFICATION NUMBER
Classification number 530
Item number MAC/P
100 ## - MAIN ENTRY--AUTHOR NAME
Personal name MACMILLAN
245 ## - TITLE STATEMENT
Title PHYSICS -XI
246 ## - VARYING FORM OF TITLE
Title proper/short title PHYSICS -XI
Remainder of title PHYSICS -XI
260 ## - PUBLICATION, DISTRIBUTION, ETC. (IMPRINT)
Place of publication NEW DELHI
Name of publisher MACMILLAN
300 ## - PHYSICAL DESCRIPTION
Number of Pages 660
520 ## - SUMMARY, ETC.
Summary, etc PHYSICS- FULLMARKS
650 ## - SUBJECT ADDED ENTRY--TOPICAL TERM
Topical Term PHYSICS
942 ## - ADDED ENTRY ELEMENTS (KOHA)
Koha item type Books
Holdings
Withdrawn status Lost status Collection code Home library Current library Shelving location Date acquired Source of acquisition Cost, normal purchase price Full call number Accession Number Koha item type
    Reference Main Library Main Library Shelf 11 B PLUS ONE PHYSICS 18/06/2011 PURCHASED 440.00 530 MAC/P 05955 Books